000 00247nam a2200097Ia 4500
008 190216s9999||||xx |||||||||||||| ||und||
100 _aThomas P T
245 0 _aVasthava Sangyakalum Bouthika Sthalangalum
260 _bKerala Basha Inst
942 _cBK
999 _c40153
_d40153